[Event "IRI-ch U16"]
[Site "Chess.com INT"]
[Date "2021.01.16"]
[Round "11"]
[White "Amoozad Mahdiraji, Ali"]
[Black "Rasouli, Amir Mehdi"]
[Result "1-0"]
[WhiteElo "1130"]
[BlackElo "1411"]
[PlyCount "89"]
[EventDate "2021.01.16"]
[EventType "swiss"]
[EventRounds "11"]
[EventCountry "IRI"]
[SourceTitle "EXT 2022"]
[Source "ChessBase"]
[SourceDate "2021.10.06"]
[SourceVersion "1"]
[SourceVersionDate "2021.10.06"]
[SourceQuality "1"]

1. d4 c5 2. c3 cxd4 3. cxd4 d5 4. Nf3 Nf6 5. Bf4 Nc6 6. e3 g6 7. Nc3 a6 8. h3 Bg7 9. Be2 0-0 10. 0-0 b5 11. a3 Bb7 12. Rc1 Rc8 13. Ne5 Nxe5 14. Bxe5 Ne4 15. Nxe4 Rxc1 16. Qxc1 Bxe5 17. Nc5 Ba8 18. dxe5 e6 19. b4 Qg5 20. Bf3 Qxe5 21. Nd7 Qg7 22. Nxf8 Qxf8 23. Qc2 Kg7 24. e4 f5 25. Qc7+ Kh6 26. e5 g5 27. Qd6 Qg8 28. Qe7 d4 29. Qf6+ Qg6 30. Qxg6+ hxg6 31. Bxa8 a5 32. Rd1 d3 33. Rxd3 a4 34. Rd6 g4 35. Rxe6 Kg5 36. hxg4 Kxg4 37. Rxg6+ Kf4 38. Re6 Kg4 39. g3 f4 40. f3+ Kxg3 41. Rg6+ Kh3 42. e6 Kh4 43. e7 Kh5 44. e8Q Kh4 45. Qh8# 1-0

[Event "IRI-ch U16"]
[Site "Chess.com INT"]
[Date "2021.01.16"]
[Round "5"]
[White "Ghojehli, Amir Reza"]
[Black "Rasouli, Amir Mehdi"]
[Result "1-0"]
[WhiteElo "1220"]
[BlackElo "1411"]
[PlyCount "86"]
[EventDate "2021.01.16"]
[EventType "swiss"]
[EventRounds "11"]
[EventCountry "IRI"]
[SourceTitle "EXT 2022"]
[Source "ChessBase"]
[SourceDate "2021.10.06"]
[SourceVersion "1"]
[SourceVersionDate "2021.10.06"]
[SourceQuality "1"]

1. e4 c5 2. Nf3 a6 3. c4 d6 4. d4 cxd4 5. Nxd4 Nf6 6. Nc3 Nc6 7. Be2 e5 8. Nb3 h6 9. 0-0 Be7 10. Be3 0-0 11. f4 exf4 12. Bxf4 Ne5 13. Qd4 Be6 14. Bxe5 dxe5 15. Qxe5 Rc8 16. Nd5 Bxd5 17. cxd5 Bd6 18. Qd4 Qe7 19. Bf3 Be5 20. Qd2 Qd6 21. h3 Bf4 22. Qd3 Nd7 23. Kh1 Ne5 24. Qe2 Ng6 25. Nd4 Be5 26. Nf5 Qb8 27. Rac1 Nf4 28. Qd2 Rxc1 29. Rxc1 g6 30. Nxh6+ Kg7 31. Ng4 Rh8 32. Nxe5 Qxe5 33. Qc3 Kf6 34. Qxe5+ Kxe5 35. Rc7 b5 36. Rxf7 Rc8 37. Re7+ Kd4 38. Ra7 Ke3 39. Kh2 Kf2 40. d6 Rc1 41. d7 Ne6 42. Rxa6 Nf4 43. d8Q Rh1+ 1-0

[Event "IRI-ch U16"]
[Site "Chess.com INT"]
[Date "2021.01.16"]
[Round "8"]
[White "Rasouli, Amir Mehdi"]
[Black "Teymori, Mohammad Reza"]
[Result "0-1"]
[WhiteElo "1411"]
[BlackElo "1264"]
[PlyCount "72"]
[EventDate "2021.01.16"]
[EventType "swiss"]
[EventRounds "11"]
[EventCountry "IRI"]
[SourceTitle "EXT 2022"]
[Source "ChessBase"]
[SourceDate "2021.10.06"]
[SourceVersion "1"]
[SourceVersionDate "2021.10.06"]
[SourceQuality "1"]

1. e4 e5 2. Nf3 Nc6 3. Bb5 Bc5 4. Bxc6 dxc6 5. 0-0 Bg4 6. h3 Bxf3 7. Qxf3 Nf6 8. d3 0-0 9. Be3 Bd6 10. Bg5 Be7 11. Bxf6 Bxf6 12. Nd2 h6 13. Rfe1 Be7 14. Qg4 Bd6 15. Nf1 Qc8 16. Qxc8 Raxc8 17. a4 f5 18. exf5 Rxf5 19. Ng3 Rf7 20. f3 a5 21. Re4 Rf4 22. Rae1 Rcf8 23. c3 Rxe4 24. Rxe4 Rd8 25. Kf1 b5 26. Ke2 b4 27. c4 b3 28. Nh1 Rb8 29. c5 Bxc5 30. Nf2 Bd4 31. Nd1 Rb4 32. f4 exf4 33. Rxf4 c5 34. Kf3 Rxa4 35. Nc3 Ra1 36. Na4 Rxa4 0-1